| 000 | 00744nam a2200205Ia 4500 | ||
|---|---|---|---|
| 003 | OSt | ||
| 005 | 20250909124630.0 | ||
| 008 | 221004b |||||||| |||| 00| 0 hin d | ||
| 037 | _cTextual | ||
| 040 |
_aCRL _cCRL _bhin |
||
| 041 |
_2hin _ahin |
||
| 100 |
_aसिंहल, शशिभूषण _9820667 |
||
| 245 | 0 | _aपरतें और परछाइयां | |
| 246 | _aParatean aur parachhāiyāan | ||
| 260 |
_aदिल्ली _bआधुनिक प्रकाशन भारत _c1999 |
||
| 300 |
_a159 पृ. _ccm. |
||
| 650 |
_aहिन्दी साहित्य _9820668 |
||
| 942 |
_hO152,3N33,PP, N9 _cTEXL _2cc _n0 |
||
| 999 |
_c1010807 _d1010807 |
||